[Event "Kupreichik Memorial Rapid 2019"]
[Site "Minsk"]
[Date "2019.08.16"]
[Round "7.4"]
[White "Aleksandrov, Aleksej"]
[Black "Pein, Malcolm"]
[Result "1-0"]
[WhiteElo "2571"]
[BlackElo "2312"]
[Annotator "ChessBase"]
[PlyCount "73"]
[EventDate "2019.08.15"]
[EventType "swiss"]
[EventCountry "BLR"]
[SourceTitle "playchess.com"]
[Source "ChessBase"]
[SourceQuality "1"]
[TimeControl "900+10"]

1. d4 {[%emt 0:00:00]} Nf6 {[%emt 0:00:00]} 2. c4 {[%emt 0:00:00]} g6 {[%emt 0:00:03]} 3. Nc3 {[%emt 0:00:00]} d5 {[%emt 0:00:03]} 4. Bf4 {[%emt 0:00:16]} Bg7 {[%emt 0:00:02]} 5. e3 {[%emt 0:00:02]} O-O {[%emt 0:00:11]} 6. Rc1 {[%emt 0:00:01]} c6 {[%emt 0:00:53]} 7. Nf3 {[%emt 0:00:18]} Be6 {[%emt 0:00:02]} 8. Qb3 {[%emt 0:00:34]} Qb6 {[%emt 0:00:37]} 9. c5 {[%emt 0:00:02]} Qxb3 {[%emt 0:00:03]} 10. axb3 {[%emt 0:00:01]} h6 {[%emt 0:01:32]} 11. h3 {[%emt 0:00:19]} Nbd7 {[%emt 0:00:09]} 12. Bd3 {[%emt 0:00:02]} Bf5 {[%emt 0:01:36]} 13. Bxf5 {[%emt 0:00:03]} gxf5 {[%emt 0:00:01]} 14. Ke2 {[%emt 0:00:11]} b6 {[%emt 0:01:08]} 15. b4 {[%emt 0:00:14]} a5 {[%emt 0:00:39]} 16. b5 {[%emt 0:00:01]} bxc5 {[%emt 0:01:09]} 17. bxc6 {[%emt 0:00:02]} cxd4 {[%emt 0:00:11]} 18. exd4 {[%emt 0:00:03]} Nb6 {[%emt 0:00:13]} 19. Rc2 {[%emt 0:01:04]} Rfc8 {[%emt 0:01:08]} 20. Nb5 {[%emt 0:00:10]} a4 {[%emt 0:00:47]} 21. Na3 {[%emt 0:00:58]} Bf8 {[%emt 0:01:45]} 22. Ne5 {[%emt 0:00:32]} Ne4 {[%emt 0:00:44]} 23. g4 {[%emt 0:00:17]} Nd6 {[%emt 0:01:00]} 24. Rg1 {[%emt 0:00:29]} Kh7 {[%emt 0:00:06]} 25. Kd3 {[%emt 0:00:54]} f6 {[%emt 0:00:38]} 26. Nd7 {[%emt 0:00:03]} Nbc4 {[%emt 0:00:31]} 27. Bxd6 {[%emt 0:00:10]} Nxd6 {[%emt 0:00:18]} 28. Nb6 {[%emt 0:00:04]} fxg4 {[%emt 0:00:15]} 29. hxg4 {[%emt 0:00:06]} e5 {[%emt 0:00:08]} 30. c7 {[%emt 0:00:36]} e4+ {[%emt 0:00:03]} 31. Ke2 {[%emt 0:00:05]} f5 {[%emt 0:00:21]} 32. Nxd5 {[%emt 0:01:04]} Ra6 {[%emt 0:00:55]} 33. f3 {[%emt 0:00:59]} exf3+ 34. Kxf3 {[%emt 0:00:01]} fxg4+ {[%emt 0:00:28]} 35. Rxg4 {[%emt 0:00:04]} Nf5 {[%emt 0:00:05]} 36. Rf4 {[%emt 0:00:14]} Ne7 {[%emt 0:00:56]} 37. Nxe7 {[%emt 0:00:05]} 1-0

[Event "Kupreichik Memorial Rapid 2019"]
[Site "Minsk"]
[Date "2019.08.16"]
[Round "7.5"]
[White "Sychev, Klementy"]
[Black "Zarubitski, Viachaslau"]
[Result "1-0"]
[WhiteElo "2579"]
[BlackElo "2426"]
[Annotator "ChessBase"]
[PlyCount "67"]
[EventDate "2019.08.15"]
[EventType "swiss"]
[EventCountry "BLR"]
[SourceTitle "playchess.com"]
[Source "ChessBase"]
[SourceQuality "1"]
[TimeControl "900+10"]

1. Nf3 {[%emt 0:00:00]} d5 {[%emt 0:00:00]} 2. c4 {[%emt 0:00:00]} c6 {[%emt 0:00:00]} 3. g3 {[%emt 0:00:00]} Nf6 {[%emt 0:00:00]} 4. Bg2 {[%emt 0:00:02]} dxc4 {[%emt 0:00:11]} 5. O-O {[%emt 0:00:03]} Nbd7 {[%emt 0:00:16]} 6. Qc2 {[%emt 0:00:18]} Nb6 {[%emt 0:00:03]} 7. Na3 {[%emt 0:00:02]} Qd5 {[%emt 0:01:06]} 8. b3 {[%emt 0:00:09]} Bf5 {[%emt 0:01:54]} 9. bxc4 {[%emt 0:00:18]} Bxc2 {[%emt 0:00:03]} 10. cxd5 {[%emt 0:00:03]} Be4 {[%emt 0:00:08]} 11. dxc6 {[%emt 0:00:13]} Bxc6 {[%emt 0:00:02]} 12. Rb1 {[%emt 0:00:36]} e6 {[%emt 0:02:46]} 13. Nb5 {[%emt 0:00:04]} Bxb5 {[%emt 0:00:42]} 14. Rxb5 {[%emt 0:00:03]} Rc8 {[%emt 0:00:36]} 15. a4 {[%emt 0:02:29]} Nxa4 {[%emt 0:00:43]} 16. Rxb7 {[%emt 0:00:11]} Bc5 {[%emt 0:00:06]} 17. d4 {[%emt 0:00:24]} Bb6 {[%emt 0:00:36]} 18. Ba3 {[%emt 0:05:10]} Nd7 {[%emt 0:00:31]} 19. Ng5 {[%emt 0:00:35]} Nc3 {[%emt 0:02:24]} 20. Bf3 {[%emt 0:01:12]} Nb5 {[%emt 0:01:45]} 21. Nxf7 {[%emt 0:00:54]} Kxf7 {[%emt 0:01:50]} 22. Rxd7+ {[%emt 0:00:02]} Ke8 {[%emt 0:00:10]} 23. Re7+ {[%emt 0:00:01]} Kd8 {[%emt 0:00:01]} 24. Bb4 {[%emt 0:00:01]} Rc4 {[%emt 0:00:43]} 25. Rb7 {[%emt 0:00:11]} Nxd4 {[%emt 0:00:25]} 26. Bd6 {[%emt 0:00:27]} Bc7 {[%emt 0:02:07]} 27. Ba3 {[%emt 0:00:04]} Nxf3+ {[%emt 0:00:06]} 28. exf3 {[%emt 0:00:02]} Ra4 {[%emt 0:00:14]} 29. Rc1 {[%emt 0:00:17]} Rxa3 30. Rcxc7 {[%emt 0:00:19]} Rxf3 {[%emt 0:00:19]} 31. Rxg7 {[%emt 0:00:34]} Kc8 {[%emt 0:00:01]} 32. Rxa7 {[%emt 0:00:04]} Kb8 {[%emt 0:00:01]} 33. Rgb7+ Kc8 34. Rxh7 {[%emt 0:00:19]} 1-0

[Event "Kupreichik Memorial Rapid 2019"]
[Site "Minsk"]
[Date "2019.08.16"]
[Round "7.6"]
[White "Sveshnikov, Evgeny"]
[Black "Paravyan, David"]
[Result "1/2-1/2"]
[WhiteElo "2483"]
[BlackElo "2605"]
[Annotator "ChessBase"]
[PlyCount "239"]
[EventDate "2019.08.15"]
[EventType "swiss"]
[EventCountry "BLR"]
[SourceTitle "playchess.com"]
[Source "ChessBase"]
[SourceQuality "1"]
[TimeControl "900+10"]

1. e4 {[%emt 0:00:00]} e5 {[%emt 0:00:00]} 2. Nc3 {[%emt 0:00:00]} Nc6 {[%emt 0:00:00]} 3. Bc4 {[%emt 0:00:00]} Nf6 {[%emt 0:00:00]} 4. d3 {[%emt 0:00:00]} Bc5 {[%emt 0:00:14]} 5. Nf3 {[%emt 0:00:36]} O-O {[%emt 0:00:07]} 6. O-O {[%emt 0:00:58]} h6 {[%emt 0:00:54]} 7. h3 {[%emt 0:00:37]} a6 {[%emt 0:00:04]} 8. Re1 {[%emt 0:00:23]} d6 {[%emt 0:00:08]} 9. Be3 {[%emt 0:00:09]} Bxe3 {[%emt 0:00:04]} 10. Rxe3 {[%emt 0:00:02]} Na5 {[%emt 0:01:01]} 11. a4 {[%emt 0:00:49]} Nxc4 {[%emt 0:00:07]} 12. dxc4 {[%emt 0:00:01]} Be6 {[%emt 0:00:19]} 13. c5 {[%emt 0:00:33]} dxc5 {[%emt 0:00:42]} 14. Nxe5 {[%emt 0:00:04]} Qd4 {[%emt 0:00:10]} 15. Nf3 {[%emt 0:00:09]} Qb4 {[%emt 0:00:02]} 16. a5 {[%emt 0:02:00]} Rfd8 {[%emt 0:01:10]} 17. Qc1 {[%emt 0:00:02]} c4 {[%emt 0:00:07]} 18. Ne2 {[%emt 0:00:42]} b5 {[%emt 0:00:36]} 19. Ned4 {[%emt 0:00:26]} Qc5 {[%emt 0:01:18]} 20. c3 {[%emt 0:00:26]} Re8 {[%emt 0:00:49]} 21. Qe1 {[%emt 0:00:49]} Rad8 {[%emt 0:00:24]} 22. Nxe6 {[%emt 0:00:34]} Rxe6 {[%emt 0:00:23]} 23. Nd4 {[%emt 0:00:04]} Rxd4 {[%emt 0:03:13]} 24. cxd4 Qxd4 {[%emt 0:00:02]} 25. e5 {[%emt 0:00:37]} Nd5 {[%emt 0:00:01]} 26. Rd1 {[%emt 0:00:01]} Qc5 {[%emt 0:00:01]} 27. Rg3 {[%emt 0:00:05]} c6 {[%emt 0:00:08]} 28. Qe4 {[%emt 0:00:23]} g6 {[%emt 0:02:45]} 29. Rd2 {[%emt 0:00:59]} b4 {[%emt 0:00:13]} 30. Kh2 {[%emt 0:00:37]} c3 {[%emt 0:01:18]} 31. bxc3 {[%emt 0:00:12]} bxc3 {[%emt 0:00:01]} 32. Rc2 {[%emt 0:00:25]} Kh7 {[%emt 0:00:01]} 33. Qf3 {[%emt 0:01:45]} Qe7 {[%emt 0:00:13]} 34. Rxc3 {[%emt 0:02:22]} Nxc3 {[%emt 0:00:02]} 35. Qxc3 {[%emt 0:00:00]} Rxe5 {[%emt 0:00:04]} 36. Qxc6 {[%emt 0:00:11]} Rxa5 {[%emt 0:00:02]} 37. Rd3 {[%emt 0:00:55]} Rf5 {[%emt 0:00:26]} 38. Qxa6 {[%emt 0:00:52]} Qc7+ {[%emt 0:00:24]} 39. Qd6 {[%emt 0:00:06]} Qxd6+ {[%emt 0:00:21]} 40. Rxd6 {[%emt 0:00:01]} Rxf2 {[%emt 0:00:01]} 41. Kg3 {[%emt 0:00:10]} Rf1 {[%emt 0:00:03]} 42. h4 {[%emt 0:00:08]} Kg7 {[%emt 0:00:13]} 43. Ra6 {[%emt 0:00:07]} Rf6 {[%emt 0:00:06]} 44. Ra7 {[%emt 0:00:09]} Rb6 {[%emt 0:00:01]} 45. Kh3 {[%emt 0:00:06]} Kf6 {[%emt 0:00:03]} 46. g3 {[%emt 0:00:05]} Rb2 {[%emt 0:00:10]} 47. Ra6+ {[%emt 0:00:07]} Kg7 {[%emt 0:00:01]} 48. Ra7 {[%emt 0:00:03]} Rf2 {[%emt 0:00:02]} 49. Rb7 {[%emt 0:00:02]} Re2 {[%emt 0:00:33]} 50. Kg4 {[%emt 0:00:07]} Re3 {[%emt 0:00:12]} 51. Kf4 {[%emt 0:00:04]} Ra3 {[%emt 0:00:01]} 52. Rc7 {[%emt 0:00:06]} Ra5 {[%emt 0:00:29]} 53. Kf3 {[%emt 0:00:09]} Ra4 {[%emt 0:00:14]} 54. Rb7 {[%emt 0:00:04]} Rd4 {[%emt 0:00:09]} 55. Ra7 {[%emt 0:00:03]} Kf6 {[%emt 0:00:05]} 56. Ra6+ {[%emt 0:00:09]} Ke5 {[%emt 0:00:01]} 57. h5 {[%emt 0:00:43]} Rd3+ {[%emt 0:00:01]} 58. Kg2 {[%emt 0:00:08]} Rd6 {[%emt 0:00:01]} 59. Ra7 {[%emt 0:00:16]} Kf6 {[%emt 0:00:09]} 60. hxg6 {[%emt 0:00:02]} fxg6 {[%emt 0:00:03]} 61. Ra5 {[%emt 0:00:10]} Re6 {[%emt 0:00:01]} 62. Kh3 {[%emt 0:00:17]} Re5 {[%emt 0:00:01]} 63. Ra4 {[%emt 0:00:07]} h5 {[%emt 0:00:13]} 64. Rf4+ {[%emt 0:00:24]} Kg5 {[%emt 0:00:01]} 65. Rf3 {[%emt 0:00:04]} Ra5 {[%emt 0:00:08]} 66. Rf4 {[%emt 0:00:08]} Ra3 {[%emt 0:00:10]} 67. Rb4 {[%emt 0:00:11]} Rf3 {[%emt 0:00:02]} 68. Kg2 {[%emt 0:00:04]} Rf5 {[%emt 0:00:02]} 69. Kh3 {[%emt 0:00:02]} Rf6 {[%emt 0:00:26]} 70. Ra4 {[%emt 0:00:12]} Rf3 {[%emt 0:00:13]} 71. Kg2 {[%emt 0:00:05]} Re3 {[%emt 0:00:17]} 72. Ra5+ {[%emt 0:00:09]} Kg4 {[%emt 0:00:03]} 73. Ra4+ {[%emt 0:00:01]} Kf5 {[%emt 0:00:01]} 74. Rf4+ {[%emt 0:00:01]} Ke6 {[%emt 0:00:07]} 75. Ra4 {[%emt 0:00:14]} g5 {[%emt 0:00:13]} 76. Kf2 {[%emt 0:00:15]} Re5 {[%emt 0:00:13]} 77. Rb4 {[%emt 0:00:48]} Kf5 {[%emt 0:00:04]} 78. Kf3 {[%emt 0:00:05]} Rd5 {[%emt 0:00:18]} 79. Rb2 {[%emt 0:00:16]} Rd3+ {[%emt 0:00:21]} 80. Kg2 {[%emt 0:00:01]} Re3 {[%emt 0:00:08]} 81. Ra2 {[%emt 0:00:02]} Re4 {[%emt 0:00:26]} 82. Rb2 {[%emt 0:00:09]} Rd4 {[%emt 0:00:43]} 83. Re2 {[%emt 0:00:07]} Rd5 {[%emt 0:00:04]} 84. Kf3 {[%emt 0:00:07]} Re5 {[%emt 0:00:14]} 85. Ra2 {[%emt 0:00:03]} Rb5 {[%emt 0:00:38]} 86. Kg2 {[%emt 0:00:03]} Rd5 {[%emt 0:00:09]} 87. Kf3 {[%emt 0:00:03]} g4+ {[%emt 0:00:03]} 88. Kf2 {[%emt 0:00:08]} Ke4 {[%emt 0:00:03]} 89. Re2+ {[%emt 0:00:02]} Kd3 {[%emt 0:00:05]} 90. Ra2 {[%emt 0:00:23]} Rf5+ {[%emt 0:00:04]} 91. Kg2 {[%emt 0:00:01]} Rc5 {[%emt 0:00:04]} 92. Ra3+ {[%emt 0:00:13]} Kd2 {[%emt 0:00:35]} 93. Kf2 {[%emt 0:00:26]} Rf5+ {[%emt 0:00:23]} 94. Kg2 {[%emt 0:00:02]} Rd5 {[%emt 0:00:07]} 95. Kf2 {[%emt 0:00:07]} Rf5+ {[%emt 0:00:02]} 96. Kg2 {[%emt 0:00:01]} Re5 {[%emt 0:00:06]} 97. Ra2+ {[%emt 0:00:07]} Kd3 {[%emt 0:00:02]} 98. Ra3+ {[%emt 0:00:01]} Ke4 {[%emt 0:00:06]} 99. Ra4+ {[%emt 0:00:03]} Kf5 {[%emt 0:00:01]} 100. Rf4+ {[%emt 0:00:03]} Kg5 {[%emt 0:00:01]} 101. Rf8 {[%emt 0:00:06]} Re2+ {[%emt 0:00:03]} 102. Kf1 {[%emt 0:00:02]} Rc2 {[%emt 0:00:07]} 103. Kg1 {[%emt 0:00:07]} Rc6 {[%emt 0:00:13]} 104. Kg2 {[%emt 0:00:05]} Rd6 {[%emt 0:00:06]} 105. Rg8+ {[%emt 0:00:05]} Kf5 {[%emt 0:00:01]} 106. Rf8+ {[%emt 0:00:05]} Ke4 {[%emt 0:00:14]} 107. Rf4+ {[%emt 0:00:07]} Ke3 {[%emt 0:00:01]} 108. Rf5 {[%emt 0:00:04]} Rd2+ {[%emt 0:00:09]} 109. Kg1 {[%emt 0:00:02]} Re2 {[%emt 0:00:19]} 110. Rxh5 {[%emt 0:00:12]} Kf3 {[%emt 0:00:01]} 111. Ra5 {[%emt 0:00:01]} Rg2+ {[%emt 0:00:20]} 112. Kf1 {[%emt 0:00:10]} Rf2+ {[%emt 0:00:04]} 113. Kg1 {[%emt 0:00:02]} Kxg3 {[%emt 0:00:03]} 114. Ra3+ {[%emt 0:00:03]} Rf3 {[%emt 0:00:02]} 115. Ra2 {[%emt 0:00:02]} Rb3 {[%emt 0:00:03]} 116. Rg2+ {[%emt 0:00:03]} Kh4 {[%emt 0:00:02]} 117. Rh2+ {[%emt 0:00:07]} Kg3 {[%emt 0:00:12]} 118. Rg2+ {[%emt 0:00:02]} Kh3 {[%emt 0:00:01]} 119. Rh2+ {[%emt 0:00:01]} Kg3 {[%emt 0:00:01]} 120. Rg2+ {[%emt 0:00:01]} 1/2-1/2

[Event "Kupreichik Memorial Rapid 2019"]
[Site "Minsk"]
[Date "2019.08.16"]
[Round "7.7"]
[White "Vaganian, Rafael A"]
[Black "Agapov, Sergey"]
[Result "1-0"]
[WhiteElo "2514"]
[BlackElo "2265"]
[Annotator "ChessBase"]
[PlyCount "109"]
[EventDate "2019.08.15"]
[EventType "swiss"]
[EventCountry "BLR"]
[SourceTitle "playchess.com"]
[Source "ChessBase"]
[SourceQuality "1"]
[TimeControl "900+10"]

1. d4 {[%emt 0:00:00]} Nf6 {[%emt 0:00:00]} 2. Bg5 {[%emt 0:00:00]} e6 {[%emt 0:00:32]} 3. e4 {[%emt 0:00:00]} h6 {[%emt 0:00:01]} 4. Bxf6 {[%emt 0:00:00]} Qxf6 {[%emt 0:00:01]} 5. Nc3 {[%emt 0:00:01]} c5 {[%emt 0:01:09]} 6. d5 {[%emt 0:00:08]} a6 {[%emt 0:00:07]} 7. a4 {[%emt 0:00:06]} e5 {[%emt 0:00:07]} 8. Nf3 {[%emt 0:00:11]} d6 {[%emt 0:00:01]} 9. Nd2 {[%emt 0:00:01]} Qd8 {[%emt 0:00:11]} 10. Be2 {[%emt 0:00:17]} Be7 {[%emt 0:00:04]} 11. Bg4 {[%emt 0:00:17]} O-O {[%emt 0:00:22]} 12. Bxc8 {[%emt 0:00:03]} Qxc8 {[%emt 0:00:01]} 13. Nc4 {[%emt 0:00:02]} Nd7 {[%emt 0:00:16]} 14. a5 {[%emt 0:00:05]} Qc7 {[%emt 0:00:18]} 15. Na4 {[%emt 0:00:11]} f5 {[%emt 0:00:03]} 16. exf5 {[%emt 0:00:53]} Rxf5 {[%emt 0:00:05]} 17. Qg4 {[%emt 0:00:38]} Raf8 {[%emt 0:00:21]} 18. O-O {[%emt 0:00:03]} Rf4 {[%emt 0:00:45]} 19. Qe6+ {[%emt 0:00:14]} R8f7 {[%emt 0:00:01]} 20. Nab6 {[%emt 0:00:01]} Nf8 {[%emt 0:00:03]} 21. Qh3 {[%emt 0:00:02]} Rh4 {[%emt 0:01:57]} 22. Qd3 {[%emt 0:01:16]} Rhf4 {[%emt 0:03:07]} 23. Rae1 {[%emt 0:00:04]} Nh7 {[%emt 0:00:06]} 24. g3 {[%emt 0:01:18]} R4f6 {[%emt 0:00:15]} 25. Kg2 {[%emt 0:00:40]} Ng5 {[%emt 0:00:58]} 26. Nd2 {[%emt 0:00:02]} Rf5 {[%emt 0:00:59]} 27. Re3 {[%emt 0:00:55]} Nh7 {[%emt 0:00:33]} 28. Rf3 Rxf3 {[%emt 0:00:09]} 29. Nxf3 {[%emt 0:01:08]} Bd8 {[%emt 0:00:48]} 30. Nd2 {[%emt 0:00:18]} Qe7 {[%emt 0:00:37]} 31. Nbc4 {[%emt 0:00:01]} Bc7 {[%emt 0:02:43]} 32. Ne4 {[%emt 0:00:06]} Qd8 {[%emt 0:00:01]} 33. Ra1 {[%emt 0:00:56]} Nf6 {[%emt 0:00:08]} 34. Ra3 {[%emt 0:00:32]} Qf8 {[%emt 0:01:01]} 35. f3 {[%emt 0:00:55]} Qd8 {[%emt 0:00:47]} 36. Nxf6+ {[%emt 0:00:25]} Qxf6 {[%emt 0:00:20]} 37. Qe4 {[%emt 0:00:06]} h5 {[%emt 0:00:24]} 38. Rb3 {[%emt 0:01:03]} Bd8 {[%emt 0:00:01]} 39. Re3 {[%emt 0:00:43]} Qh6 {[%emt 0:00:29]} 40. Re2 {[%emt 0:01:37]} h4 {[%emt 0:00:12]} 41. Qg4 {[%emt 0:00:11]} Qc1 {[%emt 0:00:58]} 42. Nxd6 {[%emt 0:00:19]} Rf8 {[%emt 0:00:15]} 43. gxh4 {[%emt 0:00:41]} Qxb2 {[%emt 0:00:09]} 44. Qe6+ {[%emt 0:00:10]} Kh7 {[%emt 0:00:03]} 45. Qxe5 {[%emt 0:00:22]} Qb1 {[%emt 0:00:05]} 46. Nf5 {[%emt 0:00:25]} Bf6 {[%emt 0:00:02]} 47. Qe4 {[%emt 0:00:01]} Kh8 {[%emt 0:00:03]} 48. c4 {[%emt 0:00:20]} Qc1 {[%emt 0:00:13]} 49. d6 {[%emt 0:00:07]} Qc3 {[%emt 0:00:05]} 50. Qd5 {[%emt 0:00:12]} Bd4 {[%emt 0:00:08]} 51. d7 {[%emt 0:00:05]} Qd3 {[%emt 0:00:02]} 52. Re8 {[%emt 0:00:17]} Kh7 {[%emt 0:00:48]} 53. Rxf8 {[%emt 0:00:43]} Qe2+ {[%emt 0:00:01]} 54. Kh3 {[%emt 0:00:01]} Qf1+ {[%emt 0:00:04]} 55. Kg4 {[%emt 0:00:01]} 1-0

[Event "Kupreichik Memorial Rapid 2019"]
[Site "Minsk"]
[Date "2019.08.16"]
[Round "7.8"]
[White "Maryasin, Boris"]
[Black "Teterev, Vitaly"]
[Result "0-1"]
[WhiteElo "2302"]
[BlackElo "2474"]
[Annotator "ChessBase"]
[PlyCount "56"]
[EventDate "2019.08.15"]
[EventType "swiss"]
[EventCountry "BLR"]
[SourceTitle "playchess.com"]
[Source "ChessBase"]
[SourceQuality "1"]
[TimeControl "900+10"]

1. e4 {[%emt 0:00:00]} c5 {[%emt 0:00:00]} 2. Nf3 {[%emt 0:00:00]} e6 {[%emt 0:00:00]} 3. b3 {[%emt 0:00:00]} b6 {[%emt 0:00:01]} 4. d4 {[%emt 0:00:12]} cxd4 {[%emt 0:00:04]} 5. Nxd4 {[%emt 0:00:01]} Bb7 {[%emt 0:00:02]} 6. Bd3 {[%emt 0:00:13]} Bc5 {[%emt 0:02:15]} 7. Bb2 {[%emt 0:00:56]} Qf6 {[%emt 0:00:27]} 8. c3 {[%emt 0:00:06]} Nc6 {[%emt 0:01:11]} 9. Nf3 {[%emt 0:01:25]} Ne5 {[%emt 0:00:42]} 10. b4 {[%emt 0:00:14]} Bxb4 {[%emt 0:00:57]} 11. Nxe5 {[%emt 0:00:24]} Qxe5 {[%emt 0:00:03]} 12. f4 {[%emt 0:00:30]} Qf6 {[%emt 0:00:04]} 13. O-O {[%emt 0:01:56]} Bc5+ {[%emt 0:00:48]} 14. Kh1 {[%emt 0:00:01]} Qh4 {[%emt 0:02:29]} 15. Nd2 {[%emt 0:02:39]} Nf6 {[%emt 0:00:21]} 16. g3 {[%emt 0:01:02]} Qh3 {[%emt 0:00:28]} 17. Qe2 {[%emt 0:01:12]} h5 {[%emt 0:02:29]} 18. Qg2 {[%emt 0:01:33]} Qxg2+ {[%emt 0:00:36]} 19. Kxg2 {[%emt 0:00:00]} Ng4 {[%emt 0:00:03]} 20. Rfe1 {[%emt 0:00:40]} h4 {[%emt 0:01:27]} 21. Nf1 {[%emt 0:01:57]} f5 {[%emt 0:00:56]} 22. Re2 {[%emt 0:00:34]} Kf7 {[%emt 0:01:05]} 23. c4 {[%emt 0:00:11]} hxg3 {[%emt 0:00:10]} 24. Kxg3 {[%emt 0:00:09]} Nf6 {[%emt 0:00:24]} 25. Bxf6 {[%emt 0:00:10]} gxf6 {[%emt 0:00:02]} 26. h3 {[%emt 0:00:23]} Rag8+ 27. Kh2 Bg1+ {[%emt 0:00:32]} 28. Kh1 {[%emt 0:00:03]} fxe4 {[%emt 0:00:02]} 0-1

[Event "Kupreichik Memorial Rapid 2019"]
[Site "Minsk"]
[Date "2019.08.16"]
[Round "7.9"]
[White "Dydyshko, Viacheslav"]
[Black "Kochetkov, German"]
[Result "1/2-1/2"]
[WhiteElo "2506"]
[BlackElo "2277"]
[Annotator "ChessBase"]
[PlyCount "108"]
[EventDate "2019.08.15"]
[EventType "swiss"]
[EventCountry "BLR"]
[SourceTitle "playchess.com"]
[Source "ChessBase"]
[SourceQuality "1"]
[TimeControl "900+10"]

1. d4 {[%emt 0:00:00]} f5 {[%emt 0:00:00]} 2. g3 {[%emt 0:00:12]} Nf6 {[%emt 0:00:00]} 3. Bg2 {[%emt 0:00:02]} g6 {[%emt 0:00:00]} 4. c4 {[%emt 0:00:14]} Bg7 {[%emt 0:00:00]} 5. Nc3 {[%emt 0:00:01]} O-O {[%emt 0:00:01]} 6. Nh3 {[%emt 0:00:16]} d6 {[%emt 0:00:22]} 7. d5 {[%emt 0:00:06]} c5 {[%emt 0:01:42]} 8. Nf4 {[%emt 0:00:21]} Na6 {[%emt 0:00:19]} 9. O-O {[%emt 0:02:12]} Nc7 {[%emt 0:00:04]} 10. h4 {[%emt 0:00:54]} a6 {[%emt 0:00:04]} 11. a4 {[%emt 0:00:06]} Rb8 {[%emt 0:00:01]} 12. a5 {[%emt 0:00:12]} b5 {[%emt 0:00:04]} 13. axb6 {[%emt 0:00:02]} Rxb6 {[%emt 0:00:01]} 14. Qc2 {[%emt 0:00:18]} Bd7 {[%emt 0:00:26]} 15. Bd2 {[%emt 0:03:30]} Ne4 {[%emt 0:01:25]} 16. Nxe4 {[%emt 0:00:41]} Rxb2 {[%emt 0:00:04]} 17. Qc1 {[%emt 0:00:05]} fxe4 {[%emt 0:00:01]} 18. Bc3 {[%emt 0:00:05]} Rb4 {[%emt 0:04:13]} 19. Bxg7 {[%emt 0:00:38]} Kxg7 {[%emt 0:00:01]} 20. Qc3+ {[%emt 0:00:08]} Rf6 {[%emt 0:01:18]} 21. Bxe4 {[%emt 0:00:04]} e5 {[%emt 0:00:11]} 22. dxe6 {[%emt 0:01:35]} Bxe6 {[%emt 0:00:04]} 23. Nxe6+ {[%emt 0:01:49]} Nxe6 {[%emt 0:00:01]} 24. Rxa6 {[%emt 0:00:10]} Nd4 {[%emt 0:00:03]} 25. Ra7+ {[%emt 0:00:02]} Kh8 {[%emt 0:01:15]} 26. Kg2 {[%emt 0:00:40]} Re6 {[%emt 0:04:09]} 27. f3 {[%emt 0:02:19]} Qf6 {[%emt 0:00:56]} 28. Rf2 {[%emt 0:00:38]} Nf5 {[%emt 0:01:10]} 29. Qxf6+ {[%emt 0:00:51]} Rxf6 {[%emt 0:00:01]} 30. Bxf5 {[%emt 0:00:10]} gxf5 {[%emt 0:00:02]} 31. e3 {[%emt 0:00:09]} Rxc4 {[%emt 0:00:43]} 32. Rb2 {[%emt 0:00:03]} Rg6 {[%emt 0:00:45]} 33. Rb8+ {[%emt 0:00:11]} Rg8 {[%emt 0:00:02]} 34. Rbb7 {[%emt 0:00:01]} Rxh4 {[%emt 0:00:03]} 35. Rf7 {[%emt 0:00:13]} Rh6 {[%emt 0:00:17]} 36. Rxf5 {[%emt 0:00:07]} Rc8 {[%emt 0:00:04]} 37. Rff7 {[%emt 0:00:05]} d5 {[%emt 0:00:36]} 38. Rac7 {[%emt 0:00:15]} Rxc7 {[%emt 0:00:07]} 39. Rxc7 {[%emt 0:00:02]} c4 {[%emt 0:00:00]} 40. f4 {[%emt 0:00:11]} Rd6 {[%emt 0:00:09]} 41. Kf3 {[%emt 0:00:02]} Kg8 {[%emt 0:00:08]} 42. g4 {[%emt 0:00:01]} h6 {[%emt 0:00:01]} 43. f5 {[%emt 0:00:02]} Kf8 {[%emt 0:00:02]} 44. Kf4 {[%emt 0:00:06]} Ke8 {[%emt 0:00:00]} 45. Ke5 {[%emt 0:00:03]} Rd7 {[%emt 0:00:03]} 46. Rc8+ {[%emt 0:00:04]} Kf7 {[%emt 0:00:03]} 47. Kd4 {[%emt 0:00:05]} Kf6 {[%emt 0:00:11]} 48. Rg8 {[%emt 0:00:03]} Rg7 {[%emt 0:00:04]} 49. Rxg7 {[%emt 0:00:36]} Kxg7 {[%emt 0:00:01]} 50. e4 {[%emt 0:00:01]} dxe4 {[%emt 0:00:03]} 51. Kxc4 {[%emt 0:00:01]} Kf6 {[%emt 0:00:08]} 52. Kd4 {[%emt 0:00:01]} h5 {[%emt 0:00:01]} 53. Kxe4 {[%emt 0:00:11]} hxg4 {[%emt 0:00:01]} 54. Kf4 {[%emt 0:00:01]} g3 1/2-1/2

[Event "Kupreichik Memorial Rapid 2019"]
[Site "Minsk"]
[Date "2019.08.16"]
[Round "7.10"]
[White "Pogosian, Manvel"]
[Black "Kuleshov, Konstantin"]
[Result "1-0"]
[WhiteElo "2383"]
[BlackElo "2076"]
[Annotator "NA"]
[PlyCount "65"]
[EventDate "2019.08.15"]
[EventType "swiss"]
[EventCountry "BLR"]
[SourceTitle "playchess.com"]
[Source "ChessBase"]
[SourceQuality "1"]
[TimeControl "900+10"]

1. d4 {[%emt 0:00:00]} Nf6 {[%emt 0:00:00]} 2. Nf3 {[%emt 0:00:00]} g6 {[%emt 0:00:00]} 3. g3 {[%emt 0:00:00]} Bg7 {[%emt 0:00:00]} 4. Bg2 {[%emt 0:00:00]} O-O {[%emt 0:00:00]} 5. O-O {[%emt 0:00:00]} d5 {[%emt 0:00:00]} 6. c4 {[%emt 0:00:07]} c6 {[%emt 0:00:00]} 7. cxd5 {[%emt 0:00:03]} cxd5 {[%emt 0:00:01]} 8. Ne5 {[%emt 0:00:05]} e6 {[%emt 0:00:58]} 9. Nc3 {[%emt 0:00:03]} Nfd7 {[%emt 0:00:02]} 10. f4 {[%emt 0:00:33]} f5 {[%emt 0:00:15]} 11. Be3 {[%emt 0:00:32]} Nb6 {[%emt 0:00:59]} 12. Rc1 {[%emt 0:00:16]} Bd7 {[%emt 0:00:05]} 13. b3 {[%emt 0:00:21]} Nc6 {[%emt 0:00:03]} 14. Qd2 {[%emt 0:00:14]} Rc8 {[%emt 0:00:08]} 15. Kh1 {[%emt 0:00:21]} Be8 {[%emt 0:00:16]} 16. Bf3 {[%emt 0:00:15]} Nd7 {[%emt 0:00:10]} 17. g4 {[%emt 0:01:19]} Ndxe5 {[%emt 0:00:26]} 18. fxe5 {[%emt 0:00:22]} a6 {[%emt 0:01:12]} 19. gxf5 {[%emt 0:00:33]} gxf5 {[%emt 0:00:04]} 20. Bg5 {[%emt 0:03:44]} Qb6 {[%emt 0:00:02]} 21. Na4 {[%emt 0:00:52]} Qa7 {[%emt 0:00:57]} 22. Nc5 {[%emt 0:00:35]} Bf7 {[%emt 0:00:12]} 23. Rg1 {[%emt 0:01:30]} Kh8 {[%emt 0:00:45]} 24. Bh6 {[%emt 0:00:24]} Rg8 {[%emt 0:02:28]} 25. Rxg7 {[%emt 0:01:10]} Rxg7 {[%emt 0:00:01]} 26. Bxg7+ {[%emt 0:00:01]} Kxg7 {[%emt 0:00:02]} 27. Qg5+ {[%emt 0:00:05]} Kf8 {[%emt 0:00:01]} 28. Qf6 {[%emt 0:01:13]} Re8 {[%emt 0:00:31]} 29. Nd7+ {[%emt 0:00:20]} Kg8 {[%emt 0:00:02]} 30. Rg1+ {[%emt 0:00:01]} Bg6 {[%emt 0:00:01]} 31. Rxg6+ {[%emt 0:00:07]} hxg6 {[%emt 0:00:08]} 32. Qxg6+ {[%emt 0:00:02]} Kh8 {[%emt 0:00:02]} 33. Qxe8+ {[%emt 0:00:04]} 1-0